000 00332nam a22001337a 4500
003 SGT
082 _a325.21
_bUNH
100 _aUNHCR
245 _aA MANDATE TO PROTECT AND ASSIST REFUGEES
_b20 YEARS OF SERVICE IN THE CAUSE OF REFUGEES 1951-1971
250 _a1
260 _aSWITZERLAND
_bUNHCR
300 _a136
942 _2ddc
_cBK
999 _c33451
_d33451